[Event "Gibraltar Masters 9th"]
[Site "Caleta"]
[Date "2011.01.26"]
[Round "2"]
[White "Caruana, Fabiano"]
[Black "Kortschnoj, Viktor"]
[Result "0-1"]
[WhiteElo "2721"]
[BlackElo "2544"]
[PlyCount "92"]
[EventDate "2011.01.25"]
[EventRounds "10"]
[EventCountry "ENG"]
[Source "ChessBase"]
[SourceDate "2011.03.17"]

1. e4 e5 2. Nf3 Nc6 3. Bb5 a6 4. Ba4 Nf6 5. d3 d6 6. c3 Be7 7. O-O O-O 8. Re1
Nd7 9. Be3 Nb6 (9... f5 10. exf5 Rxf5 11. Bb3+ Kh8 12. Nbd2 Rf8 13. d4 exd4 14.
Nxd4 Nxd4 15. Bxd4 c5 16. Be3 Ne5 17. Ne4 c4 18. Bc2 Bf5 19. Qd5 Qe8 20. Bf4
Qc6 21. Qd2 Ng6 22. Bg5 Rae8 23. Rad1 Bxg5 24. Nxg5 Nh4 25. f3 Bxc2 26. Rxe8
Rxe8 27. Nf7+ Kg8 28. Qxc2 Kxf7 29. Qxh7 Qc5+ {0-1 (29) Grandelius,N (2647)
-Naiditsch,A (2682) Douglas 2015}) 10. Bb3 Kh8 11. Nbd2 f5 12. Bxb6 cxb6 13.
Bd5 g5 14. h3 g4 15. hxg4 fxg4 16. Nh2 Bg5 17. Nc4 b5 18. Ne3 Bxe3 19. Rxe3 Qf6
20. Qe1 Ne7 21. f3 Nxd5 22. exd5 Rg8 23. Qg3 (23. Rd1 g3 24. Nf1 Qh4) 23...
gxf3 24. Qxf3 Bf5 25. Rf1 Rg5 26. Kh1 Qh6 27. Rf2 Rag8 28. Re1 Qg6 29. Re3 (29.
d4) (29. Rd1 e4) 29... Bxd3 30. Kg1 e4 31. Qh3 Rxd5 32. Qd7 Rg5 33. g4 Qh6 34.
Rf7 R5g7 35. Rxg7 Rxg7 36. Qd8+ Rg8 37. Qb6 Qf6 38. Qxb7 Rf8 39. Qa7 b4 40. Rh3
Qg7 41. Qe3 bxc3 42. bxc3 Qxc3 43. Rh5 d5 44. g5 Qa1+ 45. Kg2 Bf1+ 46. Kg3 Qe5+
0-1

[Event "Beersheba"]
[Site "Beersheba"]
[Date "1990.??.??"]
[Round "1"]
[White "Kortschnoj, Viktor"]
[Black "Greenfeld, Alon"]
[Result "1-0"]
[WhiteElo "2625"]
[BlackElo "2530"]
[Annotator "Ftacnik,L"]
[PlyCount "73"]
[EventDate "1990.03.??"]
[EventRounds "9"]
[EventCountry "ISR"]
[EventCategory "13"]
[Source "ChessBase"]
[SourceDate "1990.08.01"]

1. c4 {Wahls} Nf6 2. Nc3 c5 3. Nf3 e6 4. g3 b6 5. Bg2 Bb7 6. O-O Be7 7. b3 d6
8. d4 cxd4 9. Qxd4 Nbd7 10. Nb5 Nc5 11. Rd1 Nfe4 12. Qxg7 $3 {N} (12. b4 Bf6
13. Qe3 Bxa1 14. bxc5 bxc5 15. Ng5 Bd4 16. Nxd4 cxd4 17. Rxd4 Nc5 18. Bxb7 Nxb7
19. Nxf7 Kxf7 20. Qf3+ Kg8 21. Qxb7 Rb8 22. Qe4 $18 {Andersson,U-Greenfeld,A/
Thessaloniki ol/1988/}) 12... Bf6 13. Qh6 Bxa1 14. Ng5 Be5 (14... Nxg5 15. Bxg5
f6 16. Nxd6+ Ke7 17. Qg7#) (14... a6 15. Nxe4 Nxe4 16. Bxe4 axb5 (16... Bxe4
17. Nxd6+ Ke7 18. Ba3 $18) 17. Bxb7 Ra7 18. Bc6+ Ke7 19. Bg5+) (14... Bf6 15.
Nxe4 Bxe4 (15... Nxe4 16. Bxe4 Bxe4 17. Nxd6+ Ke7 18. Ba3 $18) 16. Nxd6+ Ke7
17. Bxe4 Nxe4 (17... Rb8 18. Nf5+ exf5 19. Rxd8 $18) 18. Ba3 Nxd6 19. Rxd6 $18)
(14... Nxf2 15. Kxf2 Bxg2 16. Nxd6+ Ke7 17. Ngxf7 (17. Nf5+ exf5 18. Rxd8 Raxd8
19. Kxg2) 17... Qf8 18. Bg5+ Kd7 19. Kxg2 $18) (14... Rg8 15. Nxe4 Bxe4 (15...
Nxe4 16. Bxe4 Bxe4 17. Nxd6+ Ke7 18. Ba3 $18) 16. Nxd6+ Ke7 17. Bxe4 Nxe4 18.
Qh4+ $1 Nf6 19. Ba3 $18) (14... Nc3 15. Nxd6+ Ke7 16. Ngxf7 Nxe2+ (16... Nxd1
17. Bg5+ Kd7 18. Nxd8 Bxg2 19. N6f7 $18) 17. Kf1 Bxg2+ 18. Kxg2 Qf8 19. Bg5+
Kd7 20. Nb5+ Kc8 21. Qh5 $1 $18) (14... Qf6 15. Nxe4 (15. Qxf6 Bxf6 (15... Nxf6
16. Nxd6+ Ke7 17. Nxb7 $16) 16. Nxe4 Bxe4 17. Nxd6+ Ke7 18. Nxe4 Rad8 19. Re1
Bd4 $14) 15... Qxh6 (15... Bxe4 $2 16. Nxd6+ Ke7 17. Bg5 $18) 16. Nbxd6+ Ke7
17. Bxh6 Be5 $8 18. Nxb7 Nxb7 19. f4 Bb2 20. Bg5+ f6 21. Nxf6 Bxf6 22. Bxf6+
Kxf6 23. Bxb7 Rad8 24. Rd3 $16) 15. b4 $1 Qf6 (15... Nxg5 16. Bxg5 f6 17. bxc5
Bxg2 18. Nxd6+ Bxd6 19. Bxf6 $18) (15... f6 16. bxc5 fxg5 17. Bxe4 Bxe4 18.
Nxd6+ Bxd6 19. Rxd6 $18) (15... Nc3 16. Nxc3 (16. bxc5 $5 Nxd1 17. Bxb7 Nc3 (
17... bxc5 18. Bc6+ (18. Nxe6 $5 fxe6 19. Qxe6+ Qe7 20. Bc6+ Kf8 21. Bh6+ Bg7
22. Bxg7+ Qxg7 23. Bxa8 $18) 18... Ke7 19. Ne4 {/\ Bg5+-}) 18. Nxc3 Bxc3 19.
Bc6+ Ke7 20. Ne4 $18) 16... Bxg2 17. bxc5 Bxc3 18. cxd6 (18. Kxg2 bxc5 19. Ne4
$40) 18... Bc6 19. d7+ (19. Nxe6 Qd7 $1 $13 (19... Qf6 $6 20. d7+ Bxd7 21. Nc7+
Kd8 22. Bg5 $18)) 19... Bxd7 20. Ne4 $22 Be5 21. Bg5 $18) (15... Bf6 16. bxc5
Bxg5 17. Bxg5 Qxg5 18. Qxg5 Nxg5 19. Bxb7 Rb8 20. c6 $16) (15... a6 16. bxc5
Nxc5 (16... axb5 17. Nxe4 Bxe4 18. Bxe4 $18) 17. f4 $1 axb5 18. fxe5 Bxg2 19.
Qg7 Rf8 20. Nxh7 $18) (15... Rg8 16. bxc5 Rg6 (16... Nxc5 17. f4 Bxg2 18. fxe5
$40) 17. Qxh7 $1 (17. Nxe4 Rxh6 18. Bxh6 Bxe4 19. Bxe4 Rc8 $13) 17... Nxg5 (
17... Rxg5 18. Bxe4 Bxe4 19. Qxe4 {/\ Qa8+-}) 18. Bxg5 Rxg5 19. Bxb7 Rb8 20. c6
$40) 16. Qxf6 Nxf6 17. f4 $1 (17. bxc5 Bxg2 18. Kxg2 dxc5 19. Nf3 Bb8) 17...
Bxg2 (17... Ba1 18. Nxd6+ $1 (18. bxc5 Bxg2 19. Kxg2 bxc5 20. Ba3 Bd4 $13)
18... Ke7 19. bxc5 Bxg2 20. Ba3 $1 $16) 18. fxe5 dxe5 (18... Bc6 19. Nxd6+ Kf8
20. exf6 Nd7 21. Ngxf7 {/\ Bh6+-}) 19. bxc5 Bc6 20. Nc7+ Kf8 (20... Ke7 21. Ba3
$1 $18 b5 22. cxb5) 21. Nxa8 Bxa8 22. Bb2 (22. cxb6 axb6 23. Rd8+ Kg7 24. Rxh8
Kxh8 25. Nxf7+ Kg8 26. Nxe5 $16) 22... Rg8 (22... Ng4 23. h3 h6 24. hxg4 hxg5
25. Rd8+ $18) (22... Kg7 23. Bxe5 Kg6 24. Rf1 $18) 23. Bxe5 Ke7 (23... Ne8 24.
Rd8 Rxg5 25. Bd6+ Kg7 26. Rxa8 $18) 24. Rf1 Nd7 (24... Rg6 $5) 25. Nxf7 bxc5
26. Bd6+ Ke8 27. Bc7 Ke7 (27... Rg7 28. Nd6+ Ke7 29. Nc8+ Ke8 30. Nxa7 $18) (
27... Rf8 28. Nd6+ Ke7 29. Rxf8 Kxf8 (29... Nxf8 30. Nb5 Kd7 (30... a6 31. Bd6+
Kd7 32. Bxf8 axb5 33. cxb5 c4 34. Bb4 $18) 31. Bd6 Ng6 32. Bxc5 a6 33. Nd6 $16)
30. Nc8 a6 31. Nb6 $1 Nxb6 32. Bxb6 $18) 28. Rf4 Bc6 29. Kf2 Rg7 (29... Ba4 $5)
30. Ne5 Nxe5 31. Bxe5 Rg6 (31... Rf7 32. Bd6+ $18) 32. Rh4 h6 33. Bf4 Bb7 34.
Ke3 Ba6 35. Bxh6 e5 36. Kd3 Rd6+ 37. Kc3 {Ftacnik,L} (37. Kc3 Rd4 38. Be3 Rxh4
39. Bxc5+ Ke6 40. gxh4 $18) 1-0

[Event "Biel GM"]
[Site "Biel"]
[Date "2001.07.23"]
[Round "1"]
[White "Gelfand, Boris"]
[Black "Kortschnoj, Viktor"]
[Result "0-1"]
[WhiteElo "2714"]
[BlackElo "2617"]
[Annotator "Huebner,R"]
[PlyCount "100"]
[EventDate "2001.07.23"]
[EventRounds "10"]
[EventCountry "SUI"]
[EventCategory "16"]
[Source "ChessBase"]
[SourceDate "2001.11.13"]

1. d4 {Ftacnik} d5 2. c4 c6 3. Nc3 Nf6 4. Nf3 dxc4 5. a4 Bf5 6. e3 e6 7. Bxc4
Bb4 8. O-O Nbd7 9. Qe2 Bg4 10. e4 {'?!' Ftacnik. Ftacnik: 'This active
approach is dubious, since black can try to win the d4 pawn.' Dieses
Bauernopfer ist von zweifelhafter Qualität. Üblich ist} (10. h3 {oder}) (10.
Rd1) 10... Nb6 11. Bb3 Bxf3 12. Qxf3 Qxd4 13. Rd1 ({Schon gespielt wurde} 13.
a5 {Nach} Nbd7 14. Ra4 Qd6 (14... Qc5 15. Qg3 O-O 16. Be3 Qe7 17. e5 Bxc3 18.
bxc3 Nd5 19. Bg5 f6 20. exf6 N7xf6 21. Rh4 Qc5 22. Qe5 {1/2-1/2 (22) Gelfand,B
(2693)-Grischuk,A (2704) Izmir 2004}) 15. Bf4 e5 16. Bg5 h6 17. Rd1 Qe7 18. Bh4
Bc5 {hatte Weiß keine nennenswerte Kompensation für den geopferten Bauern:
0-1 Uchitel,S-Kirusha,A/St Petersburg 1998/EXT 99 (61). (61)}) 13... Qe5 14.
Bf4 (14. Bc2 {Ftacnik} O-O 15. Bf4 Qh5 16. Qxh5 Nxh5 17. Bc7 Nc4 $15) 14... Qh5
15. Qd3 (15. Qxh5 {Ftacnik} Nxh5 16. Bc7 Nd7 $15) 15... Nbd7 {'!' Ftacnik.
Ftacnik: 'The defense is very compact, Gelfand entertains only small chances
for the real compensation.' Nach der Partie gefiel Kortchnoj dieser Zug nicht
mehr recht. Er schlägt statt dessen ("New in Chess" 6/2001, S. 39)} (15... e5
{vor. Indessen hat Weiß meines Erachtens nach} 16. Be3 (16. Qg3 {(Kortchnoj,
"New in Chess" 6/2001, S. 39)} exf4 17. Qxg7 {kann auch mit} Ke7 {an Stelle
von 17...Dg6 (Kortchnoj) widerlegt werden.}) 16... Nbd7 17. a5 O-O 18. f3 {
durchaus ausreichende Kompensation für den Bauern, weil die Dame des
Schwarzen nur unter den größten Schwierigkeiten ins Spiel zurückfindet.}) (
15... O-O {Ftacnik} 16. Bc2 e5 17. Bg3 Nbd7 $15) 16. e5 Nxe5 17. Qd4 (17. Qg3 {
Ftacnik} Ng6 18. Bc7 Rc8 $19) 17... Bxc3 18. bxc3 {Meines Erachtens bietet das
Wiederschlagen mit der Dame etwas bessere Aussichten auf Widerstand.} ({Nach} 
18. Qxc3 {gibt Kortchnoi folgendes Abspiel:} Ng6 19. Bd6 Ne4 (19... O-O-O {
kommt in Betracht und wurde vielleicht von Gelfand befürchtet.}) 20. Qxg7 Nxd6
(20... Qf5 21. Bg3 Nxg3 22. hxg3 Qe5 23. Qxe5 Nxe5 {ist stärker als die von
Kortchnoj vorgeschlagene Fortsetzung.}) (20... Qe2 {Ftacnik} 21. Bxe6 fxe6 22.
Qxb7 Rd8 23. Qxc6+ Kf7 24. Qc7+ Kf6 25. Be5+ Nxe5 26. Rxd8 Qxf2+ 27. Kh1 Qe2
28. h3 (28. Rxh8 {Ftacnik} Nf2+ 29. Kg1 Nf3+ 30. gxf3 Nh3+ 31. Kh1 Qxf3#) 28...
Ng3+ 29. Kh2 Qf2 $19) 21. Rxd6 ({Die Variante} 21. Bxe6 Qe5 22. Bxf7+ Nxf7 23.
Re1 O-O-O 24. Rxe5 Nfxe5 {, die Kortchnoj ebenfalls angibt, ist für Weiß
sicher nicht zuträglich.}) 21... Qe5 22. Qxe5 Nxe5 23. f4 (23. Rad1 {ist viel
stärker und genügt beinahe zum Ausgleich; es droht 24.Le6:.} Ng4) 23... Nd7
24. f5 Nc5 25. Bc4 Ke7 {"Weiß kämpft ums Überleben."}) 18... Ng6 19. Bd6 Qa5
{Nach Kortchnoj der einzige Zug, aber vielleicht war} (19... Qg4 20. Qc5 (20.
Qxg4 {Ftacnik} Nxg4 21. a5 Nf6 $19) (20. f4 {Ftacnik} Nh4 21. Qf2 Ne4 $19)
20... Nh4 21. Bg3 Nf5 {auch spielbar; es droht 22...Sd7.}) 20. Bc5 {"Das
Beste" (Korchnoj).} (20. Bb4 {ist unbefriedigend für Weiß:} Qe5 21. Qc4 Nd5 {
(Kortchnoj, loc. cit.)}) (20. Ba3 Rd8 21. Qc4 (21. Qe3 {wird, wie Korchnoj
angibt, mit} Qb6 22. Qg3 Qxb3 23. Rxd8+ Kxd8 24. Qb8+ Kd7 25. Qd6+ Kc8 $19 {
widerlegt.}) 21... Nd5 22. Rab1 {erhält nach Kortchnoj die Spannung aufrecht,
doch dürfte Weiß nach} Rd7 {kaum ausreichende Kompensation für die beiden
geopferten Bauern finden können.}) 20... b6 21. Bb4 (21. Ba3 $5 {wurde von
Gelfand nach der Partie als Verbesserung vorgeschlagen, und Kortchnoj stimmt
dem bei:} Qe5 22. Qxe5 Nxe5 23. a5 Ng6 (23... c5 $2 {ist wie Kortchnoj angibt,
schlecht; nach} 24. axb6 axb6 25. Bxc5 Rxa1 26. Rxa1 Kd7 {kämpft Schwarz ums
Remis.}) ({"Nach} 23... b5 {"hat Weiß viele Arten, seine Initiative zu
entwickeln, indem er mit} 24. a6 {oder} (24. c4 {beginnt." (Kortchnoj, "New in
Chess" 6/2001, S. 39. Ich muß gestehen, daß mir die Möglichkeiten des
Weißen nicht so rosig erscheinen, zum Beispiel} Nxc4 (24... bxc4 25. Ba4 Nfd7
26. f4 Nd3 {kommt auch in Betracht.}) 25. Bxc4 bxc4 {gefogt von Sf6-d5; oder
nach 24. a6}) 24... Nd5 {usw. Ich halte 23...b5 für die stärkste Fortsetzung
in diesem Abspiel.}) 24. Bc2 (24. Bd6 Ne4 25. Bb4 (25. axb6 Nxd6 26. Rxd6 Ke7
27. Rxc6 axb6 28. Rxa8 Rxa8 29. g3 {gibt dem Weißen noch die Möglichkeit,
weiterzukämpfen.}) 25... c5 26. axb6 cxb4 27. Ba4+ Ke7 28. Bc6 Nxc3 29. Rd7+
Kf6 30. Bxa8 b3 {"mit Vorteil für Schwarz": Kortchnoj, "New in Chess" 6/2001,
S. 39.}) ({Nun scheitert} 24. axb6 axb6 25. Bb4 {an} Rxa1 26. Rxa1 c5 {, weil
der Turm auf h8 gedeckt ist (Kortchnoj).}) 24... c5 25. axb6 axb6 26. Bxg6 hxg6
27. Bxc5 Rxa1 28. Rxa1 Kd7 29. Bxb6 {führt nach Kortchnoj zum Ausgleich, aber
er scheint mir allzu fixiert auf die Idee, c6-c5 zu spielen; 24...ba5: und 24..
.b5 verdienen Untersuchung.}) 21... Qe5 22. Qxe5 (22. Qc4 {Ftacnik} c5 23. Qb5+
Ke7 $19) 22... Nxe5 23. Bd6 (23. a5 c5 {ist nun hoffnungslos für Weiß.} 24.
axb6 cxb4 25. Rxa7 Rxa7 26. bxa7 Ke7 $19) 23... Ned7 24. a5 Ne4 {Dies ist eine
sichere Fortsetzung; Schwarz erhält ein Endspiel mit einem gesunden
Mehrbauern, doch ist nicht klar, ob es als sicher gewonnen einzuschätzen ist.
Mit} (24... b5 $5 {war es möglich, nach mehr zu streben.} 25. c4 Ne4 26. cxb5
cxb5 27. Bb4) 25. axb6 Nxd6 {'!' Ftacnik. Ftacnik: 'Kortschnoj is avoiding the
dangers of fighting against bishops pair and prefers to give back one of the
pawns.'} (25... Nxb6 {Ftacnik} 26. Be5 f6 27. Bd4 c5 28. Bc2 cxd4 29. Bxe4 Rc8
30. cxd4 $15) 26. Rxd6 Ke7 27. Rxc6 axb6 {Diese Stellung ist viel besser für
Schwarz als die oben unter 21.Lb4 zu a) 24.Ld6, 1. Klammer angegebene; der
Springer des Schwarzen steht hier auf d7, dort auf g6.} 28. Rb1 Rhc8 29. Ba4
Nc5 30. Bb5 (30. Rxc8 Rxc8 31. Bc2 Nd7 32. Rb3 {war vielleicht zäher.} Nf6 $17
) 30... Rxc6 31. Bxc6 Ra2 (31... Ra3 {war laut Korchnoj genauer.}) 32. h4 Kd8 (
32... Kd6 {ist ungenau; Weiß antwortet} 33. Be8) 33. Rd1+ Kc7 34. Be8 f6 35.
Bb5 Ra3 36. c4 e5 37. Kf1 Ra2 38. Rd5 $6 (38. f3 {war richtig, um e5-e4 zu
verhindern (Korchnoj, "New in Chess" 6/2001, S.40.).}) 38... e4 39. h5 h6 40.
Kg1 (40. g3 {war laut Kortchnoj zäher, um den König im Zentrum zu halten.})
40... Ra3 {Schwarz strebt den Turmtausch an; danach kann er seinen König
entscheidend aktivieren.} 41. Kh2 ({Auf} 41. Rd1 {folgt} Nd3 {und der König
des Schwarzen findet den Weg ins Zentrum.}) 41... Rd3 42. Rf5 Kd6 43. Rf4 Ke5
44. Rg4 Ne6 45. Bc6 Ng5 46. f4+ Kf5 47. Rh4 Ne6 48. g4+ Kxf4 49. g5+ Kxg5 50.
Rxe4 Nd4 0-1

[Event "George Marx Memorial 2nd"]
[Site "Paks"]
[Date "2004.06.08"]
[Round "4"]
[White "Acs, Peter"]
[Black "Kortschnoj, Viktor"]
[Result "0-1"]
[WhiteElo "2548"]
[BlackElo "2579"]
[Annotator "Kortschnoj"]
[PlyCount "122"]
[EventDate "2004.05.05"]
[EventType "tourn"]
[EventRounds "10"]
[EventCountry "HUN"]
[EventCategory "14"]
[Source "ChessBase"]
[SourceDate "2004.09.23"]

1. d4 {Huzman} d5 2. c4 dxc4 3. Nf3 e6 4. e3 c5 5. Bxc4 Nf6 6. O-O a6 7. Bb3
Nc6 8. Qe2 cxd4 9. Rd1 Be7 10. Nc3 O-O 11. exd4 Na5 12. Bc2 (12. d5 Nxb3 13.
dxe6 Nxc1 (13... Qb6 14. exf7+ Rxf7 15. axb3 Qxb3 $11 16. Ng5 Bg4 17. f3 Bc5+
$15) 14. exf7+ Kh8 15. Raxc1 Bd6 $13) 12... b5 13. Ne4 (13. a4 $1 {Huzman} b4
$6 14. Ne4 Bb7 15. Nc5 Bd5 16. Ne5 Ra7 $2 17. Bg5 $1 g6 $8 18. Qe1 $6 {1-0
Zvjaginsev,V-Magem Badals,J/Pamplona 1995/Inf 65/[Zvjaginsev,V] (28)} (18. Nxa6
$1)) 13... Bb7 14. Nc5 Bd5 (14... Bxf3 $5 {Huzman} 15. Qxf3 Qd5 $11) 15. Ne5
Nc6 (15... Nc4 {Huzman} 16. Ned3 $1 Qb6 (16... Nd7 17. b3 Ncb6 18. Be3 Bg5 19.
Nf4 (19. Nb4 $5) 19... Ra7 $1 20. Rac1 $14 {1-0 Sokolov,I-Volzhin,A/Koge 1997/
Inf 71/[Sokolov,I] (33)}) 17. Bg5 Rad8 18. Ne5 Qa7 19. b3 Na3 20. Bd3 Ba8 21.
Qe3 Rd6 22. Re1 g6 23. Bh6 Rfd8 24. Rac1 b4 25. Nxf7 $1 $40 {1/2-1/2 Tkachiev,
V-Magem Badals,J/Las Vegas 1999/CBM 72/[Huzman] (38)}) 16. Bg5 ({The immediate
} 16. Nxe6 fxe6 17. Nxc6 Bxc6 18. Qxe6+ Kh8 19. Qxc6 {would not work out, due
to} Rc8 {But after the text Bxf6 Bxf6 Nxe6 threatens in earnest.}) (16. Be3 {
Huzman} Qc7 17. Ng4 Nxg4 18. Qxg4 f5 19. Qg3 Qxg3 20. hxg3 Rfc8 $15) 16... Rc8
(16... Nxe5 {had been played. After} 17. dxe5 Nd7 18. Nxd7 Qxd7 19. Bf6 {the
black position was hard to defend. The move in the text gives up a pawn.}) (
16... Nxd4 $145 $1 17. Rxd4 Bxc5 18. Bxh7+ Kxh7 19. Qc2+ Kg8 20. Qxc5 {+/- 
(old theory)} Ne4 $1 21. Bxd8 Nxc5 $11) ({Perhaps, a cold-blooded 16... move
was stronger - after} 16... -- 17. Bxf6 Bxf6 18. Nxe6 (18. Nxc6 Bxc6 19. Nxe6
Qd5 20. Nf4 Qd6) 18... Bxe6 19. Nxc6 Qd6 20. Be4 Bd5 21. Ne5 Rfe8 {white would
have difficulties to convert his advantave into a full point.}) 17. Nxc6 $2 {
White had to grab the pawn.} ({After Huzman: It is interesting what Black
prepared after the obvious move} 17. Nxa6 {'!?' Huzman.} Nxe5 ({A tricky move} 
17... Qd6 {allegedly with the threat Nd4 does not work as well:} 18. a4 Nxd4 (
18... bxa4 {is a lesser evil.}) 19. Rxd4 Qxa6 20. Bxh7+ (20. Ng4 $1 $40 {Huzman
}) 20... Kxh7 21. Rh4+ Kg8 22. Qd3 {and then eventually Qh3, winning.}) (17...
Qb6 {Huzman} 18. Bxf6 $1 Bxf6 (18... gxf6 19. Bxh7+ $1 $18) 19. Nd7 $16) (17...
h6 {Huzman} 18. Nxc6 Rxc6 (18... Bxc6 19. Bxf6 Bxf6 20. Nc5 $16) 19. Bxf6 Bxf6
20. Nb4 Rd6 21. Qxb5 Ba8 22. d5 Bxb2 23. Rab1 Qf6 $44) 18. dxe5 Nd7 19. Bxe7
Qxe7 20. Be4 {suggested by Hungarian players, black hardly has any
compensation for the lost pawn.}) 17... Rxc6 18. b4 (18. Qd3 $5 {Huzman} g6 (
18... Bc4 19. Qg3 $36) 19. b4 Bc4 20. Qh3 $13) 18... Bc4 19. Qf3 Nd5 (19... Qd5
{Huzman} 20. Qe3 $14) 20. Bxe7 {A standard way to play is 20.Qe4 g6 21.Bh6,
but it seems, that my opponent played this position the very first time in his
life.} (20. Qe4 {Huzman} g6 (20... f5 $5 21. Bxe7 Qxe7 22. Qe1 Nf4 $132 {[%cal
Ye7g5]}) 21. Bh6 Re8 $11) 20... Qxe7 21. a3 Rd6 22. Ne4 Rd7 23. Nc5 Rd6 24. Ne4
Rd7 25. Nc5 {Obviously, my partner does not like his position any more and
wants to make a draw now by repetition of moves. Although in fact white has a
very slight edge...} Ra7 {It is a concession - the rook stands  better in the
centre. But, well, regarding a psychology - since he does not like to play
this position - I have to go on!} 26. Nb3 {Prevents a6-a5. The move was not
expected by me, but it is not bad. The position is still about equal.} Qg5 {To
regroupe, to activate his pieces, threatening to exchange the queens! (If that
is really a threat)} 27. Re1 Qf4 28. Qh3 h6 29. Re4 Qf6 30. Nc5 Rd8 {The first
reminder on volnerability of the pawn d4: Nd5-f4 threatens to eliminate it!}
31. Qg3 Ne7 32. Rd1 (32. Rf4 Nf5 33. Bxf5 exf5 34. Re1 {was a reasonable
alternative.} (34. Rd1 g5 $1 $17)) 32... Nf5 33. Qf4 Bd5 {After all, black is
playing for a win -} (33... Nd6 34. Qxf6 gxf6 35. Rg4+ Kf8 36. Rh4 {would lead
to a draw.}) 34. Re2 Nd6 35. Qg3 a5 36. h4 {Perhaps, 36.h3 was more prudent.}
axb4 37. axb4 Kf8 {A double-edged move. It was appreciated by watching the
game Hungarian players, but is is not yet the endgame...} 38. h5 Ra2 {There is
a threat - Qg5!} 39. Bd3 Ra3 40. Re3 $2 {In a severe time trouble white leaves
his pawn unprotected.} ({After} 40. Qe5 Qh4 {black still had rather marginal
advantage.}) 40... Qxd4 $17 41. Rb1 Ra1 42. Ree1 Rxb1 43. Rxb1 Ke7 44. Bf1 Ra8
45. Nd3 Ra3 46. Rc1 Bc4 47. Ne5 {White is forced to play this nice way,
because after} (47. Rd1 Bxd3 48. Bxd3 (48. Rxd3 Rxd3 49. Bxd3 Qxb4 50. Qxg7 Qd2
51. Bf1 (51. Qd4 Qd1+) 51... b4) 48... Qxb4 49. Qxg7 Rxd3 50. Rxd3 Qb1+ {he is
simply dead lost.}) 47... Rxg3 48. Nc6+ Kf6 49. Nxd4 Rg5 50. Bxc4 bxc4 51. f3
Rxh5 52. Kf2 Rd5 53. Ke3 e5 54. Nc6 Ke6 55. g4 Rb5 $19 56. f4 f6 57. fxe5 fxe5
58. Rb1 Kd7 59. Na5 Kc7 60. Kd2 Rd5+ 61. Kc2 Kb6 0-1